| 000 | 00633nam a2200217 u 4500 | ||
|---|---|---|---|
| 005 | 20210223133013.0 | ||
| 008 | 160810s2015 r 000 0 eng d | ||
| 020 | _a9786070730214 | ||
| 035 | _aUPN01000212211 | ||
| 049 | _aCG | ||
| 050 | 4 |
_aHD9502 M6 _bP3.6 |
|
| 100 | 1 |
_aPadierna, Dolores _940588 |
|
| 245 | 1 | 3 |
_aLa nueva tragedia de México : _bla reforma energética / _cDolores Padierna. |
| 260 |
_aMéxico : _bPlaneta Mexicana, _c2015. |
||
| 300 |
_a255 p. : _bgráfs. |
||
| 440 | 0 | _aTemas de hoy | |
| 650 | 4 |
_aRECURSOS ENERGETICOS _97651 |
|
| 650 | 4 |
_aPOLITICA ENERGETICA _925972 |
|
| 905 | _aLibro | ||
| 999 |
_c184311 _d184311 |
||